Normal view
MARC view
- Biesenbach, Rob
Entry Personal Name
001 - CONTROL NUMBER
- control field: 98067
003 - CONTROL NUMBER IDENTIFIER
- control field: NUST
005 - DATE AND TIME OF LATEST TRANSACTION
- control field: 20220818143332.0
008 - FIXED-LENGTH DATA ELEMENTS
- fixed length control field: 220818|| aca||aabn | a|a d
040 ## - CATALOGING SOURCE
- Original cataloging agency: NUST
- Transcribing agency: NUST
100 ## - HEADING--PERSONAL NAME
- Personal name: Biesenbach, Rob
670 ## - SOURCE DATA FOUND
- Source citation: Work cat.: (NUST): Biesenbach, Rob , Unleash the power of storytelling : win hearts, change minds, get results, 2018
